000 00379nam a2200157Ia 4500
008 230711s9999||||xx |||||||||||||| ||und||
041 _aENG
082 _a720
_bHI-P
100 _aHilton,Jonathan
245 2 _aA first guide photography
250 _a1st Ed.
260 _c1991
_aNew Delhi
_bPradeep publishers
650 _aArchitecture
700 _aWatts,Barrie
942 _cBK
999 _c3037
_d3037